| 000 | 01028na a2200301 4500 | ||
|---|---|---|---|
| 001 | 23059 | ||
| 003 | MIRAKIL | ||
| 005 | 20181213154809.0 | ||
| 008 | 170531b tu 000 0 | ||
| 020 | _a9786053329770 | ||
| 040 |
_aMilas _btur _cTR-AnCHP |
||
| 041 | _atur | ||
| 082 |
_a363.3495 _bA72d 2017 |
||
| 090 | _a363.3495 A72d 2017 | ||
| 100 | _aAtalay, Nurhan | ||
| 245 |
_aDeniz kabuğundan evler _b17 ağustos 1999 _bİstatistiğe dönüşen hayatlar _cNurhan Atalay |
||
| 246 | _aİstatistiğe dönüşen hayatlar | ||
| 246 | _a17 ağustos 1999 | ||
| 260 |
_aİstanbul _bTürkiye İş Bankası Kültür Yayınları _c2017 _fsena ofset |
||
| 300 |
_a194 s. _bfotğ. _c19 sm. |
||
| 440 |
_aTürkiye İş Bankası Kültür Yayınları _v3751 |
||
| 650 |
_aİzmit depremi _x17 Ağustos 1999 |
||
| 650 |
_aMarmara depremi _x17 Ağustos 1999 _yYaşamöyküsü |
||
| 650 |
_aDoğal Afetler _xDeprem _yMarmara Bölgesi |
||
| 740 | _aİstatistiğe dönüşen hayatlar | ||
| 740 | _a17 ağustos 1999 | ||
| 942 |
_2ddc _cBKS |
||
| 999 |
_c1021 _d1021 |
||